Episodes in 'Ulysses' Quiz Stats

 Plays Quiz Updated Apr 3, 2020

Support Sporcle.
Go Orange.
Score 0/18 Timer 05:00
0 Plays Today
# Title % Correct
Episode 12The Cyclops
71.9%
Episode 18Penelope
71.8%
Episode 1Telemachus
69.3%
Episode 15Circe
65.9%
Episode 11The Sirens
65.1%
Episode 5The Lotus Eaters
54.3%
Episode 2Nestor
52.7%
Episode 4Calypso
51%
Episode 9Scylla and Charybdis
49.2%
# Title % Correct
Episode 6Hades
48.8%
Episode 17Ithaca
47.1%
Episode 10The Wandering Rocks
45.9%
Episode 14The Oxen of the Sun
45.6%
Episode 3Proteus
44.5%
Episode 13Nausicaa
40.9%
Episode 7Aeolus
40.3%
Episode 8The Laestrygonians
37%
Episode 16Eumaeus
30.9%

You're not logged in!

Compare scores with friends on all Sporcle quizzes.
OR
Log In

From the Vault

Saturday Sudoku XLV

by hockeystix3

Ah, Sudoku. The best way to calm down or panic. Depends on what kind of person you are.
Remove Ads.
Support Sporcle.
Get the best of Sporcle when you Go Orange. This ad-free experience offers more features, more stats, and more fun while also helping to support Sporcle. Thank you for becoming a member.

Show Comments

Extras

Top Quizzes Today


Score Distribution

Your Account Isn't Verified!

In order to create a playlist on Sporcle, you need to verify the email address you used during registration. Go to your Sporcle Settings to finish the process.

Report this User

Report this user for behavior that violates our Community Guidelines.

Details: